LEADER 02492nam 2200649Ia 450 001 9910453568703321 005 20211005042526.0 010 $a1-61797-371-8 010 $a1-936190-40-0 010 $a1-936190-66-4 035 $a(CKB)2550000001246434 035 $a(EBL)1649029 035 $a(SSID)ssj0000482638 035 $a(PQKBManifestationID)11344279 035 $a(PQKBTitleCode)TC0000482638 035 $a(PQKBWorkID)10526803 035 $a(PQKB)10387477 035 $a(MiAaPQ)EBC3114744 035 $a(MiAaPQ)EBC6242621 035 $a(MiAaPQ)EBC1649029 035 $a(Au-PeEL)EBL3114744 035 $a(CaPaEBR)ebr10409555 035 $a(CaONFJC)MIL580555 035 $a(OCoLC)922965404 035 $a(MiAaPQ)EBC1635633 035 $a(Au-PeEL)EBL1635633 035 $a(OCoLC)932343965 035 $a(EXLCZ)992550000001246434 100 $a20090912d2010 uy 0 101 0 $aeng 135 $aur|n|---||||| 181 $ctxt 182 $cc 183 $acr 200 14$aThe Akhenaten Colossi of Karnak$b[electronic resource] /$fLise Manniche 210 $aCairo ;$aNew York $cAmerican University in Cairo Press$d2010 215 $a1 online resource (193 p.) 300 $aDescription based upon print version of record. 311 $a977-416-349-4 311 $a1-306-49304-8 320 $aIncludes bibliographical references (p. 165-173) and indexes. 330 $aSome of the most fascinating sculptures to have survived from ancient Egypt are the colossal statues of Akhenaten, erected at the beginning of his reign in his new temple to the Aten at Karnak. Fragments of more than thirty statues are now known, showing the paradoxical features combining male and female, young and aged, characteristic of representations of this king. Did he look like this in real life? Or was his iconography skilfully devised to mirror his concept of his role in the universe? The author presents the history of the discovery of the statue fragments from 1925 to the present da 606 $aMonuments$zEgypt$zKarnak 606 $aStatues$zEgypt$zKarnak 607 $aKarnak (Egypt)$xAntiquities 608 $aElectronic books. 615 0$aMonuments 615 0$aStatues 676 $a932.014092 700 $aManniche$b Lise$0473134 801 0$bMiAaPQ 801 1$bMiAaPQ 801 2$bMiAaPQ 906 $aBOOK 912 $a9910453568703321 996 $aThe Akhenaten Colossi of Karnak$92449656 997 $aUNINA LEADER 01078nam a2200289 i 4500 001 991000707309707536 005 20020507172535.0 008 970805s1970 it ||| | ita 020 $a(pbk.) 035 $ab10745981-39ule_inst 035 $aLE01301024$9ExL 040 $aDip.to Matematica$beng 082 0 $a516 084 $aAMS 51-06 110 2 $aAccademia Nazionale dei Lincei$04172 245 10$aAtti del simposio sul tema "Simmetrie" :$b(Roma, 9-11 marzo 1969) 260 $aRoma :$bAccademia Nazionale dei Lincei,$c1970 300 $a214 p. ;$c27 cm 490 0 $aProblemi attuali di scienza e di cultura. Quaderni ;$v136 500 $aIn testa al front.: Accademia Nazionale dei Lincei 650 4$aGeometry$xCongresses 907 $a.b10745981$b23-02-17$c28-06-02 912 $a991000707309707536 945 $aLE013 51-XX ANL11 (1970)$g1$i2013000087917$lle013$o-$pE0.00$q-$rl$s- $t0$u1$v0$w1$x0$y.i10838235$z28-06-02 996 $aAtti del simposio sul tema "Simmetrie"$9910596 997 $aUNISALENTO 998 $ale013$b01-01-97$cm$da $e-$fita$git $h0$i1 LEADER 01672nam0 22003613i 450 001 RMG0034123 005 20251003044337.0 100 $a20130827d1905 ||||0itac50 ba 101 | $aita$cita 102 $ait 181 1$6z01$ai $bxxxe 182 1$6z01$an 183 1$6z01$anc$2RDAcarrier 200 1 $aDiritto internazionale$fP. Stanislao Mancini$g\prefazione di! Augusto Pierantoni 210 $aRoma$cUnione tipografica Manuzio$d1905 215 $aVII, 202 p.$d19 cm 300 $aContiene il testo del discorso inaugurale pronunciato da P. S. Mancini il 2 novembre 1874 per l'inaugurazione dell'anno accademico della R. Universita di Roma. 423 0$12001 $aˆLa ‰vocazione del nostro secolo per la riforma e la codificazione del diritto delle genti e per l'ordinamento di una giustizia internazionale. 500 10$aDiritto internazionale$3TSA1719866$9RAVV056873$91678263 606 $aDiritto internazionale$2FIR$3CFIC004106$9E 676 $a341$9DIRITTO INTERNAZIONALE$v21 700 1$aMancini$b, Pasquale Stanislao$3RAVV056873$4070$0446854 702 1$aPierantoni$b, Augusto$3LO1V131980 790 1$aMancini$b, Stanislao$f <1817-1888>$3MILV201097$zMancini, Pasquale Stanislao 790 1$aMancini$b, Pasquale S.$3SBNV096408$zMancini, Pasquale Stanislao 801 3$aIT$bIT-000000$c20130827 850 $aIT-BN0095 901 $bNAP 01$cV $n$ 912 $aRMG0034123 950 0$aBiblioteca Centralizzata di Ateneo$d 01V (S) 1 143$e 01S 0090011435 VMF 1 v.$fB $h20140617$i20140617 977 $a 01 996 $aDiritto Internazionale$91678263 997 $aUNISANNIO